01191nam a2200241 i 4500001000300000100002600003245011100029246008000140260007200220300003300292490014400325500011400469504001400583650004700597650001500644650001100659830010100670040000800771041001300779080001800792008004100810856009800851bg1 aSZCZERBIŃSKI, Marek10aPrzemiany energii w wyładowaniu piorunowym jako źródło zagrożeń budynku /cMarek Szczerbiński.11aEnergy conversions in the lightning as a source of hazards for the building aKraków :bAGH. Uczelniane Wydawnictwa Naukowo-Dydaktyczne,c2002. a101, [1] s. :bil. ;c24 cm.1 aRozprawy, Monografie / [Akademia Górniczo-Hutnicza im. Stanisława Staszica w Krakowie] =aDissertations, Monographies,x0867-6631 ;v113 aTyt. równol.: Energy conversions in the lightning as a source of hazards for the building. - Streszcz. ang. aBibliogr. 9aBudownictwoxbezpieczeństwoxzagadnienia 9aOdgromniki 9aPiorun 0aRozprawy, Monografie ([Akademia Górniczo-Hutnicza im. Stanisława Staszica w Krakowie]) ;v113 cBPK0 apolbeng a621.316:699.8 s pl f |000 0 pol  uhttp://koha.tu.koszalin.pl/cgi-bin/koha/opac-detail.pl?biblionumber=42848yKatalog online BPK